Stability of precast wall systems /
محفوظ في:
| المؤلف الرئيسي: | |
|---|---|
| مؤلف مشترك: | |
| التنسيق: | كتاب |
| اللغة: | English Dutch |
| منشور في: |
Melbourne :
CSIRO Division of Building Research,
1968.
|
| سلاسل: | Heron
v. 12, (1964) Division of Building Research translation no. 3. |
| الموضوعات: |
| LEADER | 01090aam a2200277 a 4500 | ||
|---|---|---|---|
| 001 | c000164062 | ||
| 003 | CARM | ||
| 005 | 20030610150840.0 | ||
| 008 | 021014s1968 vraa a000 0 eng d | ||
| 019 | 1 | |a 10152766 |5 LACONCORD2021 | |
| 035 | |a (OCoLC)221482376 |5 LACONCORD2021 | ||
| 040 | |a VDU |b eng |c VDU |d 2686 | ||
| 041 | 1 | |a eng |h dut | |
| 042 | |a anuc | ||
| 100 | 1 | |a Dragosavic, M. | |
| 245 | 1 | 0 | |a Stability of precast wall systems / |c by M. Dragosavic ; translated from Dutch by B. Kroone ; amended by F. A. Blakey. |
| 260 | |a Melbourne : |b CSIRO Division of Building Research, |c 1968. | ||
| 300 | |a 30 p. : |b ill ; |c 25 cm. | ||
| 440 | 0 | |a Heron |v v. 12, (1964) | |
| 440 | 0 | |a Division of Building Research translation |v no. 3. | |
| 650 | 0 | |a Buildings, Prefabricated. | |
| 650 | 0 | |a Structural stability. | |
| 710 | 2 | |a CSIRO. |b Division of Building Research. | |
| 852 | 8 | |b CARM |h A2:AR17C3 |i D06504 |p 0188578 |f BK | |
| 999 | f | f | |i 93de2a3f-958f-5b4e-a858-3e4ce851359d |s 950883ec-3c70-5856-b1f5-26d8ad1ffed5 |
| 952 | f | f | |p Can circulate |a CAVAL |b CAVAL |c CAVAL |d CARM 1 Store |e D06504 |f A2:AR17C3 |h Other scheme |i book |m 0188578 |